000 00739nam a2200241Ia 4500
003 OSt
005 20220926024456.0
006 a|||||r|||| 00| 0
007 ta
008 220923b |||||||| |||| 00| 0 eng d
020 _a9781845202170
_c1130.8099999999999
037 _b31691, 23/03/2011, Segment Book Distrobutors
_cGeneral Book
040 _aRTL
_cRTL
_beng
041 _2eng
_aeng
082 _aY:395.73, P9
100 _aRAWLINSON Mark
_9330826
245 0 _aAmerican visual culture
260 _aOxford
_bBerg
_c2009
300 _axi, 236p
_ccm.
650 _aSociology
942 _hY:395.73, P9
_cGB
_2CC
999 _c644378
_d644378